=LDR 00000nam 2200000 4500 =001 INLIS000000000032050 =005 20130612134059 =008 ***********************************ind** =035 ##$$0010-061300000032050 =041 ##$$a ind =082 ##$$a 530.03 =090 ##$$a R.530.03, Sri e =100 ##$$a Sri, Suyati =245 ##$$a Ensiklopedia Fisika 1, Gaya Usaha dan Energi, Sri Soeyati, Agus Salam; Editor,Christina =260 ##$$a 2007 $b Jakarta =300 ##$$a iv,44 hlm., Ilus, 30 cm =650 ##$$a Fisika - Ensiklopedia =700 ##$$a Salam, Agus =850 ##$$a NBPNMAT =990 ##$$a 21400613/BPAP-NTB/20142014 =990 ##$$a 0001/BPAP-NTB/2015 =990 ##$$a 73447344